00630 a2200169 4500020001800000050002100018100002400039245013800063250001900201264004400220300005000264500001900314504004100333650002000374650003800394700002800432 a978142927843000aHB172.5 FEE 20081 aFeenstra, Robert C.10aInternational Macroeconomics /cRobert C. Feenstra, University of California, Davis, Alan M. Taylor, University of California, Davis. aThird edition. 1aNew York, NY :bWorth Publishers,c2014 a1 volume (various pagings) :billustrations ; aincludes index aIncludes bibliographical references  0aMacroeconomics. 0aInternational economic relations.1 aTaylor, Alan M.,d1964-